| 000 | 00491nam a22001697a 4500 | ||
|---|---|---|---|
| 003 | BD-DhUL | ||
| 005 | 20171122104546.0 | ||
| 008 | 171122s1945 ii ||||| |||| 00| 0 per d | ||
| 040 |
_aBD-DhUL _cBD-DhUL |
||
| 082 |
_a891.551 _bSHS |
||
| 100 | 0 | _aشبلی نعمانی | |
| 245 | 0 |
_aشعر العجم : _cشبلی نعمانی _bجزء ۳ / |
|
| 260 |
_aعظم گڑہ، _bمطبع معارف، _c۔۱۹۴۵ |
||
| 300 |
_aجزء ۳ ؛ _c۲۴ |
||
| 650 | 0 | _aPersian poetry | |
| 942 |
_2ddc _cBK |
||
| 999 |
_c232334 _d232334 |
||